BIBLIOTECA PODER JUDICIAL
Portal Judicial TDF

Desbloqueo de teléfonos celulares mediante la utilización compulsiva de datos biométricos. Vulneración de la privacidad y del derecho de defensa / (Registro nro. 5629)

000 -LEADER
fixed length control field 01585nab a22002777a 4500
003 - CONTROL NUMBER IDENTIFIER
control field OSt
005 - DATE AND TIME OF LATEST TRANSACTION
control field 20251223001208.0
008 - FIXED-LENGTH DATA ELEMENTS--GENERAL INFORMATION
fixed length control field 190429b xxu||||| |||| 00| 0 spa d
040 ## - CATALOGING SOURCE
Transcribing agency PJ
100 ## - MAIN ENTRY--PERSONAL NAME
9 (RLIN) 6603
Personal name González, Victoria Isabel
245 10 - TITLE STATEMENT
Title Desbloqueo de teléfonos celulares mediante la utilización compulsiva de datos biométricos. Vulneración de la privacidad y del derecho de defensa /
Statement of responsibility, etc Victoria Isabel González.
260 ## - PUBLICATION, DISTRIBUTION, ETC. (IMPRINT)
Date of publication, distribution, etc Ciudad Autónoma de Buenos Aires :
Place of publication, distribution, etc Thomson Reuters La Ley,
Name of publisher, distributor, etc 2025.
300 ## - PHYSICAL DESCRIPTION
Extent p. 188-193
500 ## - GENERAL NOTE
General note Cita: TR LALEY AR/DOC/2854/2025.
505 ## - FORMATTED CONTENTS NOTE
Formatted contents note Sumario: I. Introducción.— II. Desarrollo.— III. Conclusión.
505 ## - FORMATTED CONTENTS NOTE
Formatted contents note Fallo comentado: CCasacion Penal, Penal Juvenil, Contravencional y de Faltas, Ciudad Autónoma de Buenos Aires, sala IV ~ 12/06/2025 ~ U., A. C. y otros s/ 173 inc. 16 - defraudación mediante técnica de manipulación informática que altere el normal funcionamiento de un sistema informático o la transmisión de datos s/ incidente de apelación.
505 ## - FORMATTED CONTENTS NOTE
Title Si te interesa el texto completo, solicitalo a koha@justierradelfuego.gov.ar
650 #0 - SUBJECT ADDED ENTRY--TOPICAL TERM
9 (RLIN) 343
Topical term or geographic name as entry element DERECHO PENAL
650 #0 - SUBJECT ADDED ENTRY--TOPICAL TERM
9 (RLIN) 278
Topical term or geographic name as entry element DELITOS INFORMATICOS
650 #0 - SUBJECT ADDED ENTRY--TOPICAL TERM
9 (RLIN) 2724
Topical term or geographic name as entry element DERECHO A LA INTIMIDAD
650 #0 - SUBJECT ADDED ENTRY--TOPICAL TERM
9 (RLIN) 179
Topical term or geographic name as entry element GARANTIAS CONSTITUCIONALES ›
650 #0 - SUBJECT ADDED ENTRY--TOPICAL TERM
9 (RLIN) 586
Topical term or geographic name as entry element DEFENSA EN JUICIO
650 #0 - SUBJECT ADDED ENTRY--TOPICAL TERM
9 (RLIN) 2083
Topical term or geographic name as entry element RECURSO DE APELACIÓN (PROCESAL)
773 0# - HOST ITEM ENTRY
Host Biblionumber 2658
Host Itemnumber 3164
Title Revista de derecho penal y criminología. Nº 11 - Diciembre 2025
Place, publisher, and date of publication Ciudad Autónoma de Buenos Aires : Thomson Reuters La Ley, 2017-
International Standard Serial Number 00347914
942 ## - ADDED ENTRY ELEMENTS (KOHA)
Source of classification or shelving scheme
Koha item type Analítica Artículo de Revista

No hay ítems disponibles.

12 de Octubre 789 Ushuaia - Tel:  54(02901)441571
Horario de Atención: 8.00 a 17.00 hs. 
bibliotecaush@justierradelfuego.gov.ar
koha@justierradelfuego.gov.ar
Seguinos en nuestras redes @bibliojustdf 

Con tecnología Koha